Austin & Ally Trivia - Statistics

General Stats
  • This quiz has been taken 491 times
  • The average score is 6 of 15
Answer Stats
Hint Answer % Correct
Austin's middle name Monica
88%
How many times Auslly kissed 4
60%
Jimmy Starr's daughter Kira
60%
Name of Trish main job Manager
60%
Lester's favorite animal Giraffe
52%
First song of the show ( not theme the song ;) ) Double Take
48%
Dez's girlfriend name Carrie
45%
Ally's first song performed conquering her stage fright You Can Come to Me
45%
Name of the girl that Austin dated to get over Ally Piper
36%
Name of the guy that Ally dated to get over Austin Gavin
32%
Famous basketball player Dwayne Wade
28%
Trish's boyfriend name Jace
26%
First episode name Rockers & Writers
23%
What are the A&A Team in high school (season 4) Seniors
14%
Name of 2 part season 3 finale Proms & Promises
2%
No matching quizzes found
Score Distribution
Percent of People with Each Score
Percentile by Number Answered
Your Score History
You have not taken this quiz